| 000 | 00621nam a2200193Ia 4500 | ||
|---|---|---|---|
| 003 | GCL | ||
| 008 | 140319s9999 xx 000 0 ara d | ||
| 020 | _a1242049960 | ||
| 040 |
_aGCL / _cGCL |
||
| 082 | 0 | 4 |
_a922.2 _bع ا |
| 245 | 1 | 0 |
_aالامام ابو جعفر ابن جرير الطبرى : _b224-310هـ |
| 250 | _aالاولى | ||
| 260 |
_aالرياض : _bمكتبة الملك فهد الوطنية ، _c1999 |
||
| 300 |
_a100 ص ؛ _c24 سم |
||
| 650 | 0 | 4 | _aالاسلام - تراجم |
| 650 | 0 | 4 | _aالائمة والاولياء |
| 650 | 0 | 4 | _a"الطبرى ؛ محمد بن جرير" |
| 942 |
_2ddc _cBK |
||
| 999 |
_c7005 _d7005 |
||